| 000 | 00458nam a2200181 a 4500 | ||
|---|---|---|---|
| 001 | 35697 | ||
| 005 | 20180714004107.0 | ||
| 008 | 140415s1971 mx 000 0 spa d | ||
| 041 | _aspa | ||
| 082 |
_a210.97 _bCAS |
||
| 100 | 1 | _aCASO, ALFONSO | |
| 245 | 1 | 3 | _aEL PUEBLO DEL SOL |
| 250 | _a1a ed. | ||
| 260 |
_aMEXICO : _bFCE, _c1971 |
||
| 300 | _a125 | ||
| 490 |
_aFONDO DE CULTURA ECONOMICA _v104 |
||
| 650 | 1 | 4 |
_aRELIGION NATURAL _xAZTECAS |
| 999 |
_c35697 _d35697 |
||